[Event "RUS-chT2"]
[Site "Sochi"]
[Date "2023.05.08"]
[Round "7.2"]
[White "Galitskiy, Fedor"]
[Black "Ulybin, Mikhail"]
[Result "1-0"]
[WhiteElo "1873"]
[BlackElo "2369"]
[PlyCount "107"]
[EventDate "2023.05.01"]
[EventType "team-swiss"]
[EventRounds "9"]
[EventCountry "RUS"]
[SourceTitle "CBM 214 Extra"]
[Source "ChessBase"]
[SourceDate "2023.07.31"]
[SourceVersion "1"]
[SourceVersionDate "2023.07.31"]
[SourceQuality "1"]
[WhiteTeam "Saratov Region Volga"]
[BlackTeam "Sverdlovsk Region Malakhit"]
[WhiteTeamCountry "RUS"]
[BlackTeamCountry "RUS"]

1. c4 c5 2. Nf3 Nf6 3. d4 cxd4 4. Nxd4 d5 5. cxd5 Nxd5 6. e4 Nf6 7. Bb5+ Bd7 8. Bxd7+ Nbxd7 9. Nc3 g6 10. Qe2 Nb6 11. Be3 Bg7 12. Rd1 Qb8 13. 0-0 0-0 14. Ndb5 Nc8 15. a4 a6 16. Nd4 e6 17. Nf3 Ne7 18. Bc5 Re8 19. a5 Qc7 20. Bb6 Qb8 21. Na4 Nc6 22. Nc5 Qc8 23. Rd3 Nxa5 24. Ne5 Nc6 25. Nc4 Qb8 26. Rfd1 Ne5 27. Rd8 Qxd8 28. Rxd8 Raxd8 29. Bxd8 Nxc4 30. Bxf6 Bxf6 31. Nd7 Bxb2 32. Qxc4 Bg7 33. g3 h5 34. e5 a5 35. Nf6+ Bxf6 36. exf6 e5 37. Qb5 Re6 38. Qxa5 Rxf6 39. Qxe5 Rb6 40. Kg2 Rb3 41. h3 Rb6 42. g4 hxg4 43. hxg4 Re6 44. Qb8+ Kg7 45. Qxb7 g5 46. Qd5 Rg6 47. Qf5 Kf8 48. Qe5 Kg8 49. Kf3 Kf8 50. Qd4 Kg8 51. Ke4 Re6+ 52. Kf5 Rg6 53. Qf6 Rxf6+ 54. Kxf6 1-0